000
00259nam a22001217a 4500
008
171003b xxu||||| |||| 00| 0 eng d
041
_a
eng
080
_a
159.9
100
_a
48
101
_a
PSI
245
_a
THE PRIMAL WOUND
_c
VERRIER,N,N
942
_2
udc
_c
BK
999
_c
31424
_d
31424